| 000 | 01006cab a2200313 4500 | ||
|---|---|---|---|
| 001 | ABS53577 | ||
| 008 | 090401t1995 xxu||||| |||| 00| 0 eng d | ||
| 035 | _a(Sirsi) u5165 | ||
| 041 | _aeng | ||
| 100 | _aAdair, A. | ||
| 245 | _aProperty investment in peripheral regions | ||
| 260 | _c1995 | ||
| 350 | _a0 | ||
| 490 |
_aJournal of Property Finance _v6(2) September 1995, 43-55(7) |
||
| 520 | _aAnalyses investment flows into real estate in two peripheral economies: Northern Ireland and the Republic of Ireland. Compares the investment performance of institutional property holdings in Ireland to returns in the UK. | ||
| 650 | _aBELFAST | ||
| 650 | _aDUBLIN | ||
| 650 | _aEIRE | ||
| 650 | _aINSTITUTIONAL INVESTMENT | ||
| 650 | _aINVESTMENT PERFORMANCE | ||
| 650 | _aIPD | ||
| 650 | _aNORTHERN IRELAND | ||
| 650 | _aREPUBLIC OF IRELAND | ||
| 690 | _aPROPERTY-PROPERTY FINANCE AND INVESTMENT | ||
| 700 | _aBerry, J. | ||
| 700 | _aMcGreal, S. | ||
| 942 | _n0 | ||
| 948 | _c04/03/1997 | ||
| 999 |
_c3089 _d3089 |
||